000 00264nam a2200097Ia 4500
001 786998
005 20250826170331.0
008 250824s9999 xx 000 0 und d
245 0 _aÖRNEK HAYATLAR: BÜYÜK HAYATLAR
_cSALİHA ŞAHAN
260 _bGENÇ TİMAŞ YAYINLARI
999 _c786998
_d786998